Music Instruments - Statistics

General Stats
  • This quiz has been taken 18 times
  • The average score is 9 of 17
Answer Stats
Hint Answer % Correct
Long brass low/mediumpitch and slides to play Trombone
100%
Black colored high pitchedwoodwind (Squidward can't play it well) Clarinet
94%
High pitch silver coloredwoodwind Flute
94%
A Brass materialinstrument medium class pitch and most iconic instrument Trumpet
94%
Drums, bells, tamberines, triangle,etc. Percussion
75%
The part that woodwinds use toplay Reed
75%
The lowest bass brass instrument Tuba
75%
Lower/bigger drum Bass Drum
56%
lower version of the saxophone Tenor Saxophone
56%
What Trumpets have on the top Valves
50%
iconic Jazz woodwind Alto Saxophone
44%
The part that people blow into to alsoplay and where the reed goes onto Mouthpiece
44%
Percussion instruments with Malletsand looks like a piano Xylophone
38%
The main drums played in Jig 2 Tenor drums/Quads
19%
Bigger and lower clarinet (begins withalto) Alto Bass Clarinet
6%
That bigger version of above Contra Bass Clarinet
6%
A better upgraded version of anyinstrument Intermediate
6%
No matching quizzes found
Score Distribution
Percent of People with Each Score
Percentile by Number Answered
Your Score History
You have not taken this quiz